LEADER 01152nam a2200253 4500 001 000000348035 003 CaOOAMICUS 005 20211005113319.0 008 211005s2017 it 000 u ita r 020 $a978-88-6250-673-1 040 $aSeMil$bita 100 1 $aDe Cesaris, Valerio,$d<1974- >.$0(OLS)http://semarc/name/114773 245 10$aSpiritualmente semiti :$bla risposta della Chiesa cattolica all'antisemitismo /$cValerio De Cesaris. 264 1$aMilano :$bGuerini e Associati,$c2017. 300 $a195 p. ;$c23 cm 490 1 $aContemporanea ;$v35 650 04$aAntisemitismo - Atteggiamento [della] Chiesa cattolica.$0(OLS)http://semarc/subject/13751 830 0$aContemporanea ;$v35.$0(OLS)http://semarc/title/1948 850 $aSeMil 852 $aSeMil$W1$xVenegono$y1$m3V III 276$j229467$B239073$CSeMilBibl$Z2$F239073 $81 996 $6020$a978-88-6250-673-1$9(OLS)http://semarc/number/294230 996 $6245$aSpiritualmente semiti :$bla risposta della Chiesa cattolica all'antisemitismo$9(OLS)http://semarc/title/437356 996 $6264$aMilano :$bGuerini e Associati$9(OLS)http://semarc/publisher/31885 LEADER 00768nam a2200169 i 4500 001 000000216822 003 CaOOAMICUS 005 20121112000000.0 008 121112s1837 xx u000 u lat u 013 $a195718 040 $aSeMil$bita 245 10$aTomus 3. qui cotinet [sic] librum 2. decretalium Gregorii 9. 300 $a360 p. 773 0 $aDevoti, Giovanni <1744-1820>$tJoannis Devoti dei et apostolicae sedis gratia ... Jus canonicum universum publicum et privatum.$bNova romana editio accuratior.$dRomae : apud Joannem Ferretium, 1837.$g3$w()27644 850 $aSeMil 852 $aSeMil$W1$xVenegono$y1$m2G IV 55 FA$j167238$B167238$CSeMilBibl$Z2$F178013 $8I 996 $6245$aTomus 3. qui cotinet [sic] librum 2. decretalium Gregorii 9$9(OLS)http://semarc/title/311673 LEADER 02206nam a2200301 i 4500 001 000000030223 003 CaOOAMICUS 005 20220819125844.0 008 180830s1632 gw u000 u grc u 040 $aSeMil$bita 100 0 $aEpiphanius,$c.$0(OLS)http://semarc/name/5724 245 10$aTou en agiois patros emon Epiphaniou episkopou Konstanteias ... Apanta ta sozomena. Sancti patris nostri Epiphanii Constantiae, sive Salaminis in Cypro, episcopi, opera omnia in duos tomos distributa. Dionysius Petavius ... animadversionibus illustravit. Cum indicibus necessariis. 246 0 $aSancti Epiphanii opera Graec. Lat 250 $aEditio nova juxta Parisinam anni 1622 adornata; cui accessit Vita Dionysii Petavii ab Henr. Valesio oratione descripta, et Appendices ... 260 $aColoniae :$bSumptibus Jeremiae Schrey, & Heinr. Joh. Meieri,$c1632. 300 $a2 v. ;$cfol. 500 $aIl vol. 1 legato in 2 tomi 500 $aMarca calcogr. non censita (Minerva e Ercole in alto un cartiglio con la scritta: Utilitas iunxit, labor ac industria servat.) sui front. stampati in rosso e nero 700 1 $aValois, Henri : de,$d<1603-1676>.$0(OLS)http://semarc/name/10593 700 1 $aPetau, Denys ,$c.$0(OLS)http://semarc/name/90107 700 1 $aSchrey, Jeremias & Meyer, Heinrich Johann,$c.$0(OLS)http://semarc/name/13843 774 0 $tTomus 1.$g1$w()231400 774 0 $tTomus 1 [continuazione].$g1$w()231402 774 0 $t2: ... Epiphaniou episkopou ... Apanton ton sozomenon. Tomos deuteros Sancti patris nostri Epiphanii Constantiae, ... operum omnium. Tomus secundus. ..$g2$w()231403 996 $6245$aTou en agiois patros emon Epiphaniou episkopou Konstanteias ... Apanta ta sozomena. Sancti patris nostri Epiphanii Constantiae, sive Salaminis in Cypro, episcopi, opera omnia in duos tomos distributa. Dionysius Petavius ... animadversionibus illustravit. Cum indicibus necessariis$9(OLS)http://semarc/title/41110 996 $6246$aSancti Epiphanii opera Graec. Lat$9(OLS)http://semarc/title/41111 996 $6260$aColoniae :$bSumptibus Jeremiae Schrey, & Heinr. Joh. Meieri$9(OLS)http://semarc/publisher/38418